Isla grande de Tierra del Fuego : Lago Fagnano.

Excursión por la Isla Grande de Tierra del Fuego. Ushuaia: la ciudad más austral del mundo. Lago Fagnano. Río Turbio. Parque Nacional Tierra del Fuego. Ríos Pipo y Lapataia. Bahía Lapataia. Canal de Beagle. Río Grande.

Guardado en:
Formato: Deslizar
Materias:
Etiquetas: Agregar Etiqueta
Sin Etiquetas, Sea el primero en etiquetar este registro!
LEADER 00986ngm a22002415g 4500
001 CEM.cems022140
008 130507b1995##################0###0#####d
005 20241007154303.0
245 0 0 |a Isla grande de Tierra del Fuego :  |b Lago Fagnano. 
300 |a 72'. 
500 |a En soporte VHS, consultar en ventanilla. 
520 |a Excursión por la Isla Grande de Tierra del Fuego. Ushuaia: la ciudad más austral del mundo. Lago Fagnano. Río Turbio. Parque Nacional Tierra del Fuego. Ríos Pipo y Lapataia. Bahía Lapataia. Canal de Beagle. Río Grande. 
538 |a Soporte: VHS - Norma: Pal N - Color - Grabación DRD 1995 - Hitachi=3545 
082 3 0 |/ DES 
653 |a ISLA GRANDE DE TIERRA DEL FUEGO 
653 |a TIERRA DEL FUEGO 
653 |a LAGO FAGNANO 
653 |a PAISAJES 
653 |a TURISMO 
653 |a PARQUE NACIONAL TIERRA DEL FUEGO 
653 |a RIO GRANDE 
653 |a NIVEL SECUNDARIO 
859 |a CEMS  |b BIB. CEMS - Depto. Recursos Didacticos  |h 301  |i DES  |k DRD  |p 783.12  |t Ej.1